Inferno / (Registro nro. 7335)

Detalles MARC
000 -LEADER
fixed length control field 01571cam a2200373 a 4500
003 - CONTROL NUMBER IDENTIFIER
control field OSt
005 - DATE AND TIME OF LATEST TRANSACTION
control field 20250410154205.0
008 - FIXED-LENGTH DATA ELEMENTS--GENERAL INFORMATION
fixed length control field 130618t 2013ck ad r 000 f spa d
020 ## - INTERNATIONAL STANDARD BOOK NUMBER
International Standard Book Number 9584235095
020 ## - INTERNATIONAL STANDARD BOOK NUMBER
International Standard Book Number 9789584235091
020 ## - INTERNATIONAL STANDARD BOOK NUMBER
International Standard Book Number 9780385537858
040 ## - CATALOGING SOURCE
Original cataloging agency CO-BoPUJ
Transcribing agency CO-JMCR
041 1# - LANGUAGE CODE
Language code of text/sound track or separate title spa
Language code of original eng
082 04 - DEWEY DECIMAL CLASSIFICATION NUMBER
Classification number A-N
Item number BROi
Edition number 23
100 1# - MAIN ENTRY--PERSONAL NAME
Personal name Brown, Dan
Relator term autor
9 (RLIN) 785
245 10 - TITLE STATEMENT
Title Inferno /
Statement of responsibility, etc. Dan Brown ; traducción Aleix Montoto
250 ## - EDITION STATEMENT
Edition statement 1a ed.
260 ## - PUBLICATION, DISTRIBUTION, ETC.
Place of publication, distribution, etc. Bogotá :
Name of publisher, distributor, etc. Planeta,
Date of publication, distribution, etc. c2013.
300 ## - PHYSICAL DESCRIPTION
Extent 551 páginas :
Other physical details ilustraciones, gráficas ;
Dimensions 23 cm.
500 ## - GENERAL NOTE
General note Datos biográficos del autor en solapa frontal.
520 ## - SUMMARY, ETC.
Summary, etc. los lugares más oscuros del infierno están reservados para aquellos que mantienen su neutralidad en épocas de crisis moral.
534 ## - ORIGINAL VERSION NOTE
Title statement of original Inferno.
650 14 - SUBJECT ADDED ENTRY--TOPICAL TERM
Topical term or geographic name entry element Novela estadounidense
9 (RLIN) 13961
650 24 - SUBJECT ADDED ENTRY--TOPICAL TERM
Topical term or geographic name entry element Literatura estadounidense
9 (RLIN) 13962
650 24 - SUBJECT ADDED ENTRY--TOPICAL TERM
Topical term or geographic name entry element Historias de aventuras
9 (RLIN) 13963
650 24 - SUBJECT ADDED ENTRY--TOPICAL TERM
Topical term or geographic name entry element Novela policíaca
9 (RLIN) 214
651 #4 - SUBJECT ADDED ENTRY--GEOGRAPHIC NAME
Geographic name Florencia (Italia)
Form subdivision Novela
9 (RLIN) 13964
700 1# - ADDED ENTRY--PERSONAL NAME
Personal name Montoto, Aleix
Relator term traductor
9 (RLIN) 6698
942 ## - ADDED ENTRY ELEMENTS (KOHA)
Source of classification or shelving scheme Dewey Decimal Classification
Koha item type Books
Existencias
Withdrawn status Lost status Source of classification or shelving scheme Damaged status Not for loan Home library Current library Shelving location Date acquired Source of acquisition Total Checkouts Total Renewals Full call number Barcode Date last seen Date last checked out Copy number Price effective from Koha item type
    Dewey Decimal Classification     Biblioteca Pública José María del Castillo y Rada Biblioteca Pública José María del Castillo y Rada Fiction 02/25/2021 Donación 11 6 A-N BROi 201810605 08/01/2024 08/01/2024 Ej.1   Books